000
00238nam a2200097Ia 4500
005
20251222114352.0
008
251222s1900||||xx |||||||||||||| ||spa||
082
_a
DVD0010/H96/2009/BR
245
0
_a
Espartaco: dioses de la arena:
942
_c
DVD
999
_c
1281
_d
1281